[Event "Gatineau Pentes U1600"]
[Site "Gatineau"]
[Date "2019.01.29"]
[Round "2"]
[White "Fex, John"]
[Black "Kurkdji, Johnny"]
[Result "0-1"]
[WhiteElo "1358"]
[BlackElo "1544"]
[PlyCount "72"]
[EventDate "2019.01.22"]
[EventType "swiss"]
[EventRounds "5"]
[EventCountry "CAN"]
[SourceTitle "EXT 2022"]
[Source "ChessBase"]
[SourceDate "2021.10.06"]
[SourceVersion "1"]
[SourceVersionDate "2021.10.06"]
[SourceQuality "1"]

1. e4 e5 2. Nc3 Nf6 3. d4 d6 4. dxe5 dxe5 5. Qxd8+ Kxd8 6. Bg5 Be7 7. 0-0-0+ Ke8 8. Nd5 Nxd5 9. Bxe7 Nxe7 10. h3 Be6 11. Kb1 f6 12. Bb5+ Kf7 13. Ne2 a5 14. f4 c6 15. Bd3 b5 16. Rhf1 exf4 17. Nxf4 Ng6 18. Nxe6 Kxe6 19. g3 b4 20. Bc4+ Ke7 21. e5 Nxe5 22. Rfe1 a4 23. a3 bxa3 24. bxa3 Na6 25. Ka1 Nc7 26. g4 h6 27. h4 Rhb8 28. Re3 Ra5 29. Rd4 Nb5 30. Rd2 Nxa3 31. Ba2 Rc5 32. Rxa3 Nxg4 33. Rxa4 Ne5 34. Ra7+ Kf8 35. Rg2 g5 36. hxg5 fxg5 0-1

[Event "Gatineau Premiers Flocons"]
[Site "Gatineau"]
[Date "2018.12.11"]
[Round "3"]
[White "Gagnon, Fabien"]
[Black "Fex, John"]
[Result "1-0"]
[WhiteElo "1900"]
[BlackElo "1354"]
[PlyCount "51"]
[EventDate "2018.11.27"]
[EventType "swiss"]
[EventRounds "4"]
[EventCountry "CAN"]
[SourceTitle "EXT 2022"]
[Source "ChessBase"]
[SourceDate "2021.10.06"]
[SourceVersion "1"]
[SourceVersionDate "2021.10.06"]
[SourceQuality "1"]

1. Nf3 d6 2. d4 Nf6 3. c4 b6 4. Nc3 Bb7 5. e3 e6 6. Bd3 h6 7. 0-0 Be7 8. e4 c5 9. d5 e5 10. Ne1 g5 11. Be2 Bc8 12. Nc2 Qd7 13. Ne3 Qb7 14. a3 h5 15. b4 a6 16. bxc5 dxc5 17. Rb1 Bd6 18. Qb3 Bc7 19. f3 Kf8 20. Na4 Nbd7 21. Nf5 g4 22. Bh6+ Ke8 23. Be3 Rb8 24. Qd3 Nf8 25. Ng7+ Kd7 26. Nxc5+ 1-0

[Event "Gatineau Premiers Flocons"]
[Site "Gatineau"]
[Date "2018.12.04"]
[Round "2"]
[White "Fex, John"]
[Black "Kurkdji, Johnny"]
[Result "0-1"]
[WhiteElo "1354"]
[BlackElo "1609"]
[PlyCount "30"]
[EventDate "2018.11.27"]
[EventType "swiss"]
[EventRounds "4"]
[EventCountry "CAN"]
[SourceTitle "EXT 2022"]
[Source "ChessBase"]
[SourceDate "2021.10.06"]
[SourceVersion "1"]
[SourceVersionDate "2021.10.06"]
[SourceQuality "1"]

1. e4 e5 2. Nf3 Nc6 3. Bb5 d6 4. Nc3 Bd7 5. Bxc6 Bxc6 6. 0-0 g5 7. Re1 Qd7 8. h3 Be7 9. Nd5 0-0-0 10. c4 f5 11. exf5 Qxf5 12. g4 Qf7 13. Nxe7+ Nxe7 14. Nh2 Rdf8 15. Re3 Qxf2# 0-1